1428 1306 1711 1667 1088 1981 1615 1108 1892 1663 1304 1327 1573 1257 1797 1633 1584 1373 1101 1841 1822 1559 1020 1718 1901 1440 1093 1910 1223 1490 1714 1245 1060 1593 1659 1351 1255 1918 1577 1188 1016 1682 1396 1776 1757 1640 1388 1768 1504 1610 1795 1644 1872 1325 1197 1927 1142 1323 1199 1157 1364 1427 1683 1201 1556 1350 1773 1399 1556 1093 1238 1968 1628 1919 1389 1784 1874 1506 1405 1744 1518 1311 1086 1935 1435 1396 1047 1052 1654 1503 1047 1797 1496 1479 1009 1863 1315 1818 1885 BCNSPRNW ULIB Ver.6.0+V

เปลี่ยนเป็นภาษาไทย

Change to English
 แสดงรายละเอียดบรรณานุกรม
  กลับหน้าหลัก

Brief Record : Get Marc (ISO 2709) : E-mail record : QR code < ปิดหน้าต่าง
LEADER : 00000nam 2200000uu 4500
001    13399126652
003     ULIB
008    190130s2561||||th 000 0 tha d
020    ^a9786164073128
060 04 ^aWB115^bป135อ
245 00 ^aอายุรศาสตร์ผู้ป่วยนอก =^bAmbulatory medicine /^cบรรณาธิการ,ปฏิณัฐ บูรณะทรัพย์ขจรและปิติพงศ์ กิจรัตนะกุล
246 31 ^aAmbulatory medicine
250    ^aพิมพ์ครั้งที่ 1
260    ^aกรุงเทพฯ :^bโรงพิมพ์แห่งจุฬาลงกรณ์มหาวิทยาลัย,^c2561
300    ^aก-อ, 293 หน้า :^bภาพประกอบ ;^c26 ซม.
505 0  ^aภาวะไขมันในเลือดผิดปกติ--หลักในการรักษาโรคความดันโลหิตสูง--การรักษาผู้ป่วยที่มีอาการเจ็บหน้าอกแบบเรื้อรังคงที่จากโรคหลอดเลือดหัวใจตีบ--ภาวะหัวใจล้มเหลว--อุจจาระร่วงเฉียบพลัน--การติดเชื้อไวรัสตับอักเสบ บี และการดูแลรักษา--ลำไส้แปรปรวน--การดูแลรักษาผู้ป่วยที่มีถุงน้ำในตับอ่อน--โรคเส้นประสาทเรื้อรังหลายเส้นที่เกิดขึ้นภายหลัง--กลุ่มอาการสมองขาดเลือด--เวียนศีรษะ--โรคพาร์กินสัน--โรคข้ออักเสบเกาต์--ยาต้านการอักเสบกลุ่มที่ไม่ใช่สเตียรอยด์กับไต--วัณโรคปอด--โรคปอดอุดกั้นเรื้อรัง--การรักษาผู้ป่วยโรคเบาหวานชนิดที่ 1 ด้วยอินซูลิน--แนวทางการวินิจฉัยภาวะต่อมน้ำเหลืองไต--การตรวจคัดกรองและประเมินผู้ป่วยติดเชื้อเอชไอวีเมื่อเข้ารับการรักษา--สารบ่งชี้มะเร็งในเลือด--การใช้ตำแหน่งของผื่นมาช่วยในการวินิจฉัยโรคผิวหนัง
650  4 ^aอายุรศาสตร์^vรวมเรื่อง
650  4 ^aการรักษาโรค^vรวมเรื่อง
650  4 ^aผู้ป่วยนอก^xการรักษา
650  4 ^aผู้ป่วยนอกของโรงพยาบาล^xการดูแล
700 0  ^aปฏิณัฐ บูรณะทรัพย์ขจร,^eบรรณาธิการ
700    ^aปิติพงศ์ กิจรัตนะกุล,^eบรรณาธิการ
945    ^p300^l0^i005512
945    ^p300^l0^i005085
945    ^p300^l0^i005084
945    ^p300^l0^i005083
945    ^p300^l0^i005086
945    ^p300^l0^i005087
999    ^aประนอม เกษจรัล
รายการนี้ยังไม่มีแท็ก
คุณยังไม่ได้ล็อกอิน คุณสามารถมีกิจกรรมร่วมกับเว็บไซต์ได้ แต่ต้องล็อกอินก่อน ::
  ล็อกอิน

รายการสื่อสารสนเทศ

ลำดับที่ ประเภท เลขเรียก/บาร์โค้ด สถานที่ สถานะ
1. วิทยาศาสตร์การแพทย์ และสุขภาพ
หนังสือสำรอง
สถานะ=หนังสือสำรอง
WB115 ป135อ ฉ.1 
  Barcode: 005083
ห้องสมุดวิทยาเขตสวรรค์ประชารักษ์
►หนังสือทั่วไป
บนชั้น
2. วิทยาศาสตร์การแพทย์ และสุขภาพ
วิทยาศาสตร์การแพทย์ และสุขภาพ
WB115 ป135อ ฉ.2 
  Barcode: 005084
ห้องสมุดวิทยาเขตสวรรค์ประชารักษ์
►หนังสือทั่วไป
บนชั้น
3. วิทยาศาสตร์การแพทย์ และสุขภาพ
วิทยาศาสตร์การแพทย์ และสุขภาพ
WB115 ป135อ ฉ.3 
  Barcode: 005085
ห้องสมุดวิทยาเขตสวรรค์ประชารักษ์
►หนังสือทั่วไป
บนชั้น
4. วิทยาศาสตร์การแพทย์ และสุขภาพ
วิทยาศาสตร์การแพทย์ และสุขภาพ
WB115 ป135อ ฉ.4 
  Barcode: 005086
ห้องสมุดวิทยาเขตสวรรค์ประชารักษ์
►หนังสือทั่วไป
บนชั้น
5. วิทยาศาสตร์การแพทย์ และสุขภาพ
วิทยาศาสตร์การแพทย์ และสุขภาพ
WB115 ป135อ ฉ.5 
  Barcode: 005087
ห้องสมุดวิทยาเขตสวรรค์ประชารักษ์
►หนังสือทั่วไป
บนชั้น
6. วิทยาศาสตร์การแพทย์ และสุขภาพ
วิทยาศาสตร์การแพทย์ และสุขภาพ
WB115 ป135อ ฉ.6 
  Barcode: 005512
ห้องสมุดวิทยาเขตสวรรค์ประชารักษ์
►หนังสือทั่วไป
บนชั้น

BibComment


ยังไม่เคยถูกคอมเมนท์

คอมเมนท์ทรัพยากรรายการนี้
  คอมเมนท์: อายุรศาสตร์ผู้ป่..


 Copyright 2026. Bcnsprnw @Library